000 00746nam a22002417a 4500
005 20170124110051.0
010 _aA-436000
020 _c00.00
035 _aA-436000
037 _bCen Lib/Ret
040 _aDPL
_bEN
082 _a651.374
_bKUC
100 _aKuchhal, M.C.
_914615
245 _aSecretarial practice :
_cby M.C.Kuchhal
_bunder the companies act ,1956 as amended to date /
250 _a13th rev. ed
260 _aNew Delhi
_bVikas Publishing House
_c1990
270 _a576,Masjid Road Jangpura
_bNew Delhi
_e110014
300 _axxiii, 634p.
_c21cm(Hb)
500 _aIncludes index.
650 _aCorporation law
_915472
650 _aCorporation secretaries
_919094
942 _2ddc
_cEN
_h651.374
_mKUC
999 _c129095
_d129095